[Event "Baku Open 2014"]
[Site "Baku AZE"]
[Date "2014.09.29"]
[Round "8.18"]
[White "Wen, Yang"]
[Black "Asgarizadeh, Ahmad"]
[Result "1/2-1/2"]
[WhiteTitle "GM"]
[WhiteElo "2598"]
[BlackElo "2335"]
[WhiteFideId "8602956"]
[BlackFideId "12505684"]
[EventDate "2014.09.22"]

1. d4 d5 2. Nf3 Nf6 3. Bf4 c5 4. dxc5 e6 5. e3 Bxc5 6. a3 O-O 7. c4 dxc4 8. Qxd8
Rxd8 9. Bxc4 a6 10. Ke2 b5 11. Bd3 Bb7 12. Rc1 Nbd7 13. Nbd2 Bf8 14. b4 Nd5 15.
Bc7 Nxc7 16. Rxc7 Bxf3+ 17. Nxf3 Nf6 18. Ng5 Bd6 19. Rb7 Rdb8 20. Rxb8+ Rxb8 21.
Rc1 Ra8 22. Ne4 Bf8 23. Rc7 a5 24. Ng5 axb4 25. axb4 Bxb4 26. Bxb5 Rf8 27. Bc4
Nd5 28. Bxd5 exd5 29. Rd7 h6 30. Nf3 Ra8 31. Ne5 Bc3 32. Nd3 Ra5 33. h4 g5 34.
h5 Kg7 35. Kf3 Rb5 36. g4 Bf6 37. Rc7 d4 38. e4 Ra5 39. Rd7 Ra3 40. Ke2 Ra2+ 41.
Kd1 Ra1+ 42. Ke2 Ra2+ 43. Kf1 Ra3 44. Nb4 Rc3 45. Ke2 Rc4 46. Nd3 Rc8 47. e5 Re8
48. Rd5 Kf8 49. Kf3 Bg7 50. Nc5 Kg8 51. Ke4 d3 52. Nxd3 f6 53. Rd7 fxe5 54. Nc5
Bf8 55. Na6 Re6 56. Nc7 Rf6 57. Kxe5 Rxf2 58. Ne6 Bb4 59. Rg7+ Kh8 60. Rc7 Ba3
61. Ke4 Bb2 62. Kd5 Rd2+ 63. Ke4 Rf2 64. Re7 Kg8 65. Re8+ Kh7 66. Rf8 Re2+ 67.
Kd5 Rd2+ 68. Kc6 Rc2+ 69. Kd7 Rd2+ 70. Ke8 Re2 1/2-1/2

[Event "Baku Open 2014"]
[Site "Baku AZE"]
[Date "2014.09.29"]
[Round "8.19"]
[White "Ghaem Maghami, Ehsan"]
[Black "Mammadzada, Gunay"]
[Result "1/2-1/2"]
[WhiteTitle "GM"]
[BlackTitle "WFM"]
[WhiteElo "2591"]
[BlackElo "2316"]
[WhiteFideId "12500739"]
[BlackFideId "13403729"]
[EventDate "2014.09.22"]

1. c4 c5 2. Nf3 b6 3. Nc3 Bb7 4. e3 Nf6 5. d4 cxd4 6. exd4 e6 7. a3 d5 8. Bg5
Be7 9. Bxf6 Bxf6 10. cxd5 Bxd5 11. Nxd5 Qxd5 12. Qa4+ Nd7 13. Bb5 Rd8 14. O-O
O-O 15. Rac1 Nb8 16. Rc7 a6 17. Bxa6 Nxa6 18. Qxa6 Bxd4 19. Nxd4 Qxd4 20. Rc2
Rd6 21. Rfc1 Rfd8 22. g3 h6 23. Qe2 e5 24. Rc4 Qd5 25. Rb4 Re6 26. Re4 f5 27.
Rb4 e4 28. Rb5 Qd3 29. Qxd3 exd3 30. Kf1 Rc6 31. Rd1 g6 32. Rb3 Rcd6 33. Rd2 Kf7
34. Ke1 g5 35. Kd1 Kf6 36. f3 Ke5 37. Ke1 f4 38. Kf2 Rc6 39. Rb5+ Kd4 40. gxf4
gxf4 41. Rf5 Kc4 42. Rxf4+ Rd4 43. Rf8 Rdd6 44. Rf5 Rc5 45. Rf7 Kb3 46. Rf4 Rc4
47. Re4 Rc1 48. Ke3 Re1+ 49. Kf4 Rf1 50. Ke5 Rd8 51. f4 Re8+ 52. Kd4 Rd8+ 53.
Ke3 Re1+ 54. Kf3 Rxe4 55. Kxe4 Kc4 56. Kf3 Re8 57. Rf2 Kd4 58. f5 Re3+ 59. Kg2
Re8 60. Kf3 Re3+ 61. Kg2 Re8 1/2-1/2

[Event "Baku Open 2014"]
[Site "Baku AZE"]
[Date "2014.09.29"]
[Round "8.20"]
[White "Nugumanov, Bakhtiyar"]
[Black "Romanishin, Oleg M"]
[Result "1/2-1/2"]
[WhiteTitle "FM"]
[BlackTitle "GM"]
[WhiteElo "2287"]
[BlackElo "2502"]
[WhiteFideId "13701797"]
[BlackFideId "14100088"]
[EventDate "2014.09.22"]

1. e4 e5 2. Nf3 Nc6 3. d4 exd4 4. Nxd4 Bc5 5. Nb3 Bb4+ 6. c3 Be7 7. f4 d6 8. Bd3
Nh6 9. O-O O-O 10. Qc2 f5 11. N1d2 Kh8 12. Nf3 fxe4 13. Bxe4 Bf5 14. Nbd4 Nxd4
15. Nxd4 Bxe4 16. Qxe4 d5 17. Qd3 Bc5 18. f5 Bxd4+ 19. cxd4 Qf6 20. Bxh6 Qxh6
21. Rae1 Rae8 22. h3 Qf6 23. g4 h6 24. b3 Re7 25. Re3 Rfe8 26. Rfe1 c6 27. Kg2
Kg8 28. Qc3 Re4 29. Rxe4 dxe4 30. Re3 Kh8 31. Qc5 Qg5 32. Re2 Qf4 33. Rf2 Qg5
34. f6 gxf6 35. Qd6 e3 36. Rxf6 e2 37. Rf8+ Rxf8 38. Qxf8+ Kh7 39. Qf7+ Kh8 40.
Qe8+ Kg7 41. Qxe2 Qd5+ 42. Kg3 Qxd4 43. Qe7+ Kg6 44. Qe6+ Kg7 45. Kf3 Qd1+ 46.
Qe2 Qd6 47. Qe3 b6 48. h4 Qf6+ 49. Kg3 Qd6+ 50. Kh3 Qf6 51. Qd3 Qe6 52. h5 c5
53. Qf3 a6 54. Qd3 Qc6 55. Kg3 b5 1/2-1/2

[Event "Baku Open 2014"]
[Site "Baku AZE"]
[Date "2014.09.29"]
[Round "8.21"]
[White "Givon, Asaf"]
[Black "Shahaliyev, Ismayil"]
[Result "1/2-1/2"]
[WhiteTitle "IM"]
[WhiteElo "2431"]
[BlackElo "2206"]
[WhiteFideId "2801841"]
[BlackFideId "13406388"]
[EventDate "2014.09.22"]

1. e4 e6 2. d4 d5 3. Nd2 Be7 4. e5 c5 5. Qg4 Bf8 6. dxc5 Qc7 7. Ngf3 Nd7 8. Nb3
Nxe5 9. Qg3 Nxf3+ 10. gxf3 Qxg3 11. hxg3 Nf6 12. Be3 e5 13. f4 Ng4 14. Bd2 e4
15. Rd1 Be7 16. Bb5+ Kf8 17. Bc3 Nf6 18. Bd4 Bg4 19. Be2 Be6 20. c3 Rc8 21. Na5
Bxc5 22. Bxc5+ Rxc5 23. Nxb7 Rc7 24. Na5 Ke7 25. Nb3 Rb8 26. g4 Nxg4 27. Rxh7 e3
28. Bxg4 Bxg4 29. Rxd5 exf2+ 30. Kxf2 Be6 31. Rd2 Bxb3 32. axb3 Rxb3 33. Rxg7
Rcb7 34. Ke3 1/2-1/2

[Event "Baku Open 2014"]
[Site "Baku AZE"]
[Date "2014.09.29"]
[Round "8.22"]
[White "Aliyev, Rasim"]
[Black "Aghayev, Nijat"]
[Result "0-1"]
[BlackTitle "IM"]
[WhiteElo "2230"]
[BlackElo "2401"]
[WhiteFideId "13401084"]
[BlackFideId "13402048"]
[EventDate "2014.09.22"]

1. e4 c5 2. c3 g6 3. d4 cxd4 4. cxd4 d5 5. e5 Nc6 6. Nc3 Bg7 7. Bb5 Nh6 8. Nge2
O-O 9. O-O Nf5 10. Be3 f6 11. exf6 Bxf6 12. Rc1 e6 13. Bxc6 bxc6 14. Na4 Qd6 15.
Bf4 e5 16. dxe5 Bxe5 17. Bxe5 Qxe5 18. Qd2 Nh4 19. Nc5 Rb8 20. b3 a5 21. f4 Qf6
22. Qxa5 Bg4 23. Qd2 d4 24. Ng3 Qd6 25. h3 Bf5 26. Rfd1 Bxh3 27. Qxd4 Qxd4+ 28.
Rxd4 Bxg2 29. Ra4 Rbd8 30. f5 g5 31. Rc2 Rd1+ 32. Kf2 Bd5 33. Ke2 Bf3+ 34. Ke3
Nxf5+ 35. Nxf5 Rxf5 36. Nd3 g4 37. Rf2 h5 38. Rd4 h4 39. Rd8+ Kf7 40. Rd7+ Kf6
41. Rd6+ Kg5 42. Rd8 h3 43. Rh8 Rd5 0-1

[Event "Baku Open 2014"]
[Site "Baku AZE"]
[Date "2014.09.29"]
[Round "8.23"]
[White "Iskandarov, Misratdin"]
[Black "Zanan, Evgeny"]
[Result "1-0"]
[WhiteTitle "IM"]
[BlackTitle "FM"]
[WhiteElo "2398"]
[BlackElo "2303"]
[WhiteFideId "13400312"]
[BlackFideId "24101940"]
[EventDate "2014.09.22"]

1. c4 Nf6 2. g3 c6 3. Bg2 d5 4. Nf3 g6 5. b3 Bg7 6. Bb2 O-O 7. O-O Bg4 8. d3
Nbd7 9. h3 Bxf3 10. Bxf3 e5 11. cxd5 cxd5 12. Nc3 Qa5 13. a3 d4 14. Nb1 Qa6 15.
b4 Rac8 16. Nd2 Bh6 17. a4 Rc7 18. Nc4 Qe6 19. Kh2 Rfc8 20. a5 Nd5 21. Qb3 N7f6
22. b5 Bf8 23. Rfc1 Bc5 24. Nd2 b6 25. axb6 Bxb6 26. Rxc7 Rxc7 27. Nc4 h5 28.
Nxb6 axb6 29. Bc1 Rc3 30. Ra8+ Kg7 31. Qb2 h4 32. Bd2 hxg3+ 33. fxg3 Rc5 34. Qa3
Rc8 35. Rxc8 Qxc8 36. Qd6 Qe6 37. Qd8 Qe7 38. Qa8 Qe6 39. Qb8 Nd7 40. Qd8 N7f6
41. Qb8 Nc3 42. g4 Nd7 43. Qa8 Nxb5 44. h4 Nd6 45. Bg5 e4 46. dxe4 Ne5 47. Kg3
b5 48. h5 Ne8 49. Qd8 Nc6 50. Qb6 b4 51. Bf4 b3 52. e5 Ne7 53. h6+ Kh7 54. Qxd4
Nc7 55. e4 Nc6 56. Qb6 g5 57. Bxg5 Nxe5 58. Qxc7 b2 59. Qb8 Nd3 60. e5 Qg6 61.
Bf6 1-0

[Event "Baku Open 2014"]
[Site "Baku AZE"]
[Date "2014.09.29"]
[Round "8.24"]
[White "Pirverdiyev, Agil"]
[Black "Aghasiyev, Kamal"]
[Result "1-0"]
[BlackTitle "IM"]
[WhiteElo "2209"]
[BlackElo "2394"]
[WhiteFideId "13400568"]
[BlackFideId "13402854"]
[EventDate "2014.09.22"]

1. Nf3 Nf6 2. c4 g6 3. b3 Bg7 4. Bb2 O-O 5. g3 c6 6. Bg2 d5 7. O-O Bg4 8. d4
Nbd7 9. Nbd2 a5 10. Ne5 Bf5 11. Nxd7 Qxd7 12. Re1 b5 13. Nf3 Qb7 14. Bc1 Be4 15.
cxb5 cxb5 16. Bh3 e6 17. Nd2 Rfc8 18. Nxe4 Nxe4 19. f3 Nc3 20. Qd3 b4 21. Be3
Qb5 22. Qd2 a4 23. Bf1 axb3 24. axb3 Ra3 25. Bf2 Rxb3 26. e4 Qb8 27. Bd3 Nb5 28.
e5 Na3 29. Rec1 Rbc3 30. Rxc3 bxc3 31. Qc1 Qb2 32. Qxb2 cxb2 33. Rxa3 Rc1+ 34.
Kg2 b1=Q 35. Bxb1 Rxb1 36. Ra8+ Bf8 37. Be3 Kg7 38. Bg5 Rb2+ 39. Kh3 Bb4 40.
Bf6+ Kh6 41. Kg4 g5 42. Rg8 1-0

[Event "Baku Open 2014"]
[Site "Baku AZE"]
[Date "2014.09.29"]
[Round "8.25"]
[White "Abdulla, Khayala"]
[Black "Babayev, Talib"]
[Result "1-0"]
[WhiteTitle "WIM"]
[BlackTitle "IM"]
[WhiteElo "2269"]
[BlackElo "2342"]
[WhiteFideId "13401807"]
[BlackFideId "13401432"]
[EventDate "2014.09.22"]

1. e4 c6 2. d4 d5 3. Nc3 g6 4. f3 Bg7 5. Be3 dxe4 6. fxe4 Nf6 7. Nf3 Qb6 8. Qd2
Qxb2 9. Rb1 Qa3 10. Bd3 Nbd7 11. e5 Nd5 12. Nxd5 cxd5 13. O-O O-O 14. Rb3 Qxa2
15. Qc3 Nb6 16. Ra1 Na4 17. Qe1 1-0

[Event "Baku Open 2014"]
[Site "Baku AZE"]
[Date "2014.09.29"]
[Round "8.26"]
[White "Aharon, Ofir"]
[Black "Kazimova, Narmin"]
[Result "0-1"]
[WhiteTitle "FM"]
[BlackTitle "WIM"]
[WhiteElo "2341"]
[BlackElo "2233"]
[WhiteFideId "2800683"]
[BlackFideId "13402951"]
[EventDate "2014.09.22"]

1. e4 e5 2. Nf3 Nc6 3. Bb5 a6 4. Ba4 d6 5. O-O Bd7 6. d4 b5 7. Bb3 Nxd4 8. Nxd4
exd4 9. c3 dxc3 10. Qh5 Qe7 11. Nxc3 Nf6 12. Qf3 Qd8 13. Bf4 Be7 14. e5 dxe5 15.
Bxe5 O-O 16. Rfd1 Qc8 17. Qg3 c6 18. Ne4 Nh5 19. Qc3 Be6 20. Bc2 Bd5 21. Qd3 f5
22. Nc3 Bc4 23. Qf3 g6 24. b3 Be6 25. Ne2 Qe8 26. Qc3 Bf6 27. Bxf6 Nxf6 28. Rd6
Bd5 29. Nf4 Qe7 30. Qc5 Qe5 31. Rd1 Qxf4 0-1

[Event "Baku Open 2014"]
[Site "Baku AZE"]
[Date "2014.09.29"]
[Round "8.27"]
[White "Kowsarinia, Amir"]
[Black "Zeynalov, Farid"]
[Result "1-0"]
[WhiteTitle "FM"]
[BlackTitle "FM"]
[WhiteElo "2331"]
[BlackElo "2277"]
[WhiteFideId "12500089"]
[BlackFideId "13402250"]
[EventDate "2014.09.22"]

1. d4 Nf6 2. c4 e6 3. Nf3 b6 4. g3 Ba6 5. Nbd2 c5 6. Bg2 Bb7 7. O-O cxd4 8. Nb3
Be7 9. Nbxd4 O-O 10. Nb5 d6 11. Bf4 Ne4 12. Nd2 Nc5 13. Bxb7 Nxb7 14. Ne4 e5 15.
Qd5 Qd7 16. Be3 Nc6 17. Rfd1 Rad8 18. a3 Qc8 19. b4 h6 20. f3 Kh8 21. g4 f5 22.
gxf5 Rxf5 23. Kh1 Bf8 24. Rac1 Ne7 25. Qd3 Rh5 26. Bg1 Ng6 27. Nxa7 Qe6 28. Qd5
Qd7 29. Qc6 Qf7 30. Qxb6 Nf4 31. Qf2 Be7 32. Nc6 Bh4 33. Nxd8 Nxd8 34. Qf1 Be7
35. Nxd6 Bxd6 36. Rxd6 Nfe6 37. c5 Qe7 38. Rd2 e4 39. c6 e3 40. Rd7 Qh4 41. c7
Nxc7 42. Rcxc7 Rg5 43. Bxe3 Rh5 44. Bf4 Qxf4 1-0

[Event "Baku Open 2014"]
[Site "Baku AZE"]
[Date "2014.09.29"]
[Round "8.28"]
[White "Bayramov, Vugar"]
[Black "Omar, Noaman"]
[Result "0-1"]
[BlackTitle "IM"]
[WhiteElo "2254"]
[BlackElo "2355"]
[WhiteFideId "13400916"]
[BlackFideId "9300244"]
[EventDate "2014.09.22"]

1. d4 d5 2. Nf3 Nf6 3. Bf4 c5 4. e3 Nc6 5. c3 Qb6 6. b3 Bg4 7. Bd3 e6 8. O-O Rc8
9. Nbd2 cxd4 10. exd4 Be7 11. b4 O-O 12. Re1 Qd8 13. Qa4 Bh5 14. Rac1 Nd7 15.
Qb3 Bg6 16. Bxg6 hxg6 17. Qb1 g5 18. Be3 f5 19. Nb3 g4 20. Ne5 Ncxe5 21. dxe5
Nb6 22. Bd4 Nc4 23. Qd3 b6 24. h3 gxh3 25. Qxh3 a5 26. bxa5 bxa5 27. Rcd1 Qd7
28. Nc1 g5 29. Nd3 Kg7 30. Qg3 Rh8 31. Qf3 Rh6 32. Qxf5 Rch8 33. f3 Ne3 34. Rxe3
Rh1+ 35. Kf2 Rxd1 36. Nc5 exf5 37. Nxd7 Rhh1 38. e6+ Kh6 39. Re5 f4 0-1

[Event "Baku Open 2014"]
[Site "Baku AZE"]
[Date "2014.09.29"]
[Round "8.29"]
[White "Fataliyeva, Ulviyya"]
[Black "Abdulov, Orkhan"]
[Result "0-1"]
[WhiteTitle "WFM"]
[BlackTitle "IM"]
[WhiteElo "2117"]
[BlackElo "2344"]
[WhiteFideId "13403052"]
[BlackFideId "13402714"]
[EventDate "2014.09.22"]

1. e4 g6 2. d4 Bg7 3. Nc3 d6 4. Be3 Nd7 5. Be2 e5 6. Qd2 exd4 7. Bxd4 Ngf6 8.
O-O-O a6 9. f4 O-O 10. e5 Ne8 11. exd6 Nxd6 12. Bxg7 Kxg7 13. Nd5 Nf6 14. Nxf6
Qxf6 15. g4 Ne4 16. Qe3 Re8 17. h4 Nd6 18. Qf3 Bd7 19. g5 Qf5 20. h5 Qc5 21. Rh2
Bc6 22. Qf2 Qe3+ 23. Qxe3 Rxe3 24. Rd3 Rae8 25. b3 R3e4 26. h6+ Kf8 27. Rf2 Nf5
28. Kd2 Nd4 29. Bg4 Bb5 30. c4 Bc6 31. Ne2 Nxe2 32. Bxe2 b5 33. Rc3 Rd4+ 34. Rd3
Rde4 35. Rc3 Rd8+ 36. Rd3 Rb8 37. c5 0-1

[Event "Baku Open 2014"]
[Site "Baku AZE"]
[Date "2014.09.29"]
[Round "8.30"]
[White "Naghdiyev, Niyazi"]
[Black "Asgarov, Mushfig"]
[Result "1-0"]
[WhiteElo "2024"]
[BlackElo "2260"]
[WhiteFideId "13405519"]
[BlackFideId "13401734"]
[EventDate "2014.09.22"]

1. d4 Nf6 2. c4 g6 3. g3 Bg7 4. Bg2 O-O 5. Nf3 d6 6. O-O Nc6 7. Nc3 a6 8. h3 Rb8
9. a4 Bd7 10. Be3 Re8 11. g4 e5 12. d5 Ne7 13. Nd2 h5 14. f3 Nh7 15. Ba7 Ra8 16.
Bf2 f5 17. gxh5 gxh5 18. Kh2 Ng6 19. Rg1 Kf7 20. Bf1 Bf6 21. e3 Bh4 22. Bxh4
Qxh4 23. Qe1 Rg8 24. Qxh4 Nxh4 25. Be2 f4 26. exf4 exf4 27. Nde4 b6 28. b4 Bf5
29. c5 bxc5 30. bxc5 Ke7 31. cxd6+ cxd6 32. Rab1 Rxg1 33. Rb7+ Bd7 34. Kxg1 Rg8+
35. Kf1 Ra8 36. a5 Nf5 37. Kf2 Nf8 38. Na4 Rc8 39. Bd3 Rc1 40. Nb6 Ra1 41. Nxd7
Nxd7 42. Nc5 Ra2+ 43. Ke1 Nh4 44. Rxd7+ Kf6 45. Rxd6+ Ke5 46. Rxa6 Nxf3+ 47. Kd1
Kd4 48. Nb3+ Kxd5 49. Rh6 Ne5 50. Rxh5 f3 51. Rf5 Kd6 52. Bc2 Ra4 53. a6 Kd5 54.
Rf6 Rh4 55. Nd2 Rxh3 56. Be4+ Kd4 57. a7 Kc3 58. Bxf3 Rh2 59. Nb1+ 1-0

[Event "Baku Open 2014"]
[Site "Baku AZE"]
[Date "2014.09.29"]
[Round "8.31"]
[White "Khalafova, Narmin"]
[Black "Shabanov, Nurlan"]
[Result "1-0"]
[WhiteTitle "WFM"]
[WhiteElo "2166"]
[BlackElo "2106"]
[WhiteFideId "13402625"]
[BlackFideId "13400100"]
[EventDate "2014.09.22"]

1. Nf3 Nf6 2. g3 g6 3. Bg2 Bg7 4. O-O O-O 5. d3 d6 6. e4 Nc6 7. Nc3 h6 8. h3 e5
9. Be3 Be6 10. Qd2 Kh7 11. d4 exd4 12. Nxd4 Nxd4 13. Bxd4 Qd7 14. Kh2 Nh5 15. f4
f5 16. exf5 gxf5 17. Bf3 Bxd4 18. Qxd4 Qg7 19. Qf2 Nf6 20. Rfe1 Qf7 21. Re3 d5
22. Re5 c6 23. Rae1 Rfe8 24. Ne2 Bd7 25. Rxe8 Rxe8 26. Qxa7 Qe6 27. Rd1 Bc8 28.
Nc1 Ne4 29. Nd3 Qg6 30. Rg1 Nd2 31. Qf2 Nc4 32. b3 Nd6 33. Ne5 Qf6 34. Qb6 Qg7
35. Bh5 Rf8 36. a4 Ne4 37. a5 Nf6 38. Be2 Nd7 39. Nxd7 Qxd7 40. Bd3 Qe7 41. Rg2
Re8 42. a6 bxa6 43. Qxc6 Qf7 44. Bxa6 Bxa6 45. Qxa6 Re4 46. Qd6 d4 47. b4 Qb7
48. Qc5 Qd7 49. b5 Re3 50. b6 Rc3 51. Qe5 Re3 52. Qf6 Re1 53. g4 fxg4 54. Rxg4
Re2+ 55. Kg1 Re1+ 56. Kf2 Re8 57. Qg6+ 1-0

[Event "Baku Open 2014"]
[Site "Baku AZE"]
[Date "2014.09.29"]
[Round "8.32"]
[White "Gadimbayli, Abdulla"]
[Black "Mammadova, Narmin"]
[Result "1-0"]
[WhiteTitle "FM"]
[WhiteElo "2162"]
[BlackElo "2124"]
[WhiteFideId "13404938"]
[BlackFideId "13403710"]
[EventDate "2014.09.22"]

1. e4 c6 2. d3 d5 3. Nd2 e5 4. Ngf3 Bd6 5. g3 Nf6 6. Bg2 O-O 7. O-O Re8 8. Re1
Bg4 9. Nf1 d4 10. h3 Bxf3 11. Qxf3 c5 12. Nh2 Nc6 13. Bg5 Be7 14. Qe2 Nd7 15.
Bd2 b5 16. Rf1 Rc8 17. f4 Rf8 18. Nf3 Qb6 19. h4 c4 20. Bh3 Rcd8 21. b3 Qc5 22.
f5 a5 23. g4 Nb4 24. Rfc1 Kh8 25. g5 c3 26. Be1 Qd6 27. Bg3 a4 28. bxa4 bxa4 29.
a3 Nc6 30. Kh1 Rb8 31. Rg1 Rb2 32. Nh2 g6 33. f6 Nxf6 34. gxf6 Bxf6 35. Rgf1 Bg7
36. Rf2 Rb7 37. Nf3 f6 38. h5 f5 39. exf5 gxf5 40. Nh4 f4 41. Bh2 Rbf7 42. Qe4
Ne7 43. Nf3 Nf5 44. Ng5 Rf6 45. Bxf5 Rxf5 46. Qg2 Bh6 47. Ne4 Qe7 48. Qf3 Qh4
49. Rg1 Qxh5 50. Rg4 Rb8 51. Rf1 Rd8 52. Rfg1 Bg5 53. Qf2 h6 54. Qf3 Qg6 55. Qh3
Kg7 56. Qf3 Kf8 57. Rb1 Rf7 58. Nc5 Kg8 59. Qe4 Qxe4+ 60. Nxe4 Rf5 61. Kg2 1-0

[Event "Baku Open 2014"]
[Site "Baku AZE"]
[Date "2014.09.29"]
[Round "8.33"]
[White "Alakhverdiev, Araz"]
[Black "Hojjatova, Aydan"]
[Result "0-1"]
[WhiteTitle "FM"]
[BlackTitle "WCM"]
[WhiteElo "2277"]
[BlackElo "2014"]
[WhiteFideId "13610260"]
[BlackFideId "13401491"]
[EventDate "2014.09.22"]

1. Nf3 Nf6 2. c4 g6 3. Nc3 Bg7 4. g3 O-O 5. Bg2 d6 6. O-O Nc6 7. d3 e5 8. Bg5 h6
9. Bxf6 Bxf6 10. Rb1 a5 11. Nd5 Bg7 12. a3 Ne7 13. Nd2 Nf5 14. e4 Nd4 15. Nb3
Ne6 16. Nd2 a4 17. Nf3 c6 18. Nc3 Nc5 19. Qc2 Be6 20. Nd2 Qa5 21. Rfd1 Rfc8 22.
b4 axb3 23. Nxb3 Nxb3 24. Qxb3 Qxa3 25. Qxa3 Rxa3 26. Rdc1 Rb8 27. Bf1 Bf6 28.
Nd1 Be7 29. Rb2 b6 30. Rcb1 Bd8 31. Ne3 Rba8 32. Nc2 R3a5 33. h4 Kf8 34. Kh2 Ke7
35. Bh3 Bxh3 36. Kxh3 Kd7 37. Kg2 Ra2 38. Kf3 Rxb2 39. Rxb2 Ra5 40. Ke2 h5 41.
Ne3 Ke6 42. Nc2 f5 43. Nb4 Kd7 44. Nc2 Ra4 45. exf5 gxf5 46. Ne3 Ke6 47. Rc2 Ra8
48. Kf3 Ra1 49. Ke2 f4 50. Nf1 b5 51. cxb5 cxb5 52. gxf4 exf4 53. Rb2 Bxh4 54.
Nd2 Ra5 55. Rb4 Ra2 56. Rxb5 Bxf2 57. Kd1 d5 58. Nf3 h4 59. Ng5+ Ke5 60. Nf3+
Kd6 61. d4 Ra3 62. Ke2 Bg3 63. Ng5 Re3+ 64. Kd2 Bf2 65. Rb6+ Ke7 66. Rh6 Rg3 67.
Ne6 Be3+ 68. Ke2 Rg2+ 69. Kf3 Rf2+ 70. Kg4 f3 0-1

[Event "Baku Open 2014"]
[Site "Baku AZE"]
[Date "2014.09.29"]
[Round "8.34"]
[White "Andrenko, Irina"]
[Black "Amrayeva, Aytan"]
[Result "1/2-1/2"]
[WhiteTitle "WIM"]
[WhiteElo "2199"]
[BlackElo "2144"]
[WhiteFideId "14118270"]
[BlackFideId "13405101"]
[EventDate "2014.09.22"]

1. b3 Nf6 2. Bb2 e6 3. g3 c5 4. Bg2 d5 5. f4 Nc6 6. Nf3 b6 7. O-O Bb7 8. e3 Rc8
9. h3 d4 10. Na3 Be7 11. Qe2 O-O 12. e4 d3 13. cxd3 Ba6 14. Nc4 Nb4 15. Ne1 b5
16. Ne5 Nd7 17. a3 Nc6 18. Nxc6 Rxc6 19. Rc1 Nb6 20. d4 Rc8 21. dxc5 Bxc5+ 22.
Kh2 Bd4 23. Rxc8 Nxc8 24. Bc3 Bxc3 25. dxc3 Qa5 26. Qb2 Nd6 27. g4 Rc8 28. e5
Ne8 29. b4 Qc7 30. Nd3 Bb7 31. Nc5 Bxg2 32. Qxg2 Rd8 33. g5 Rd5 34. Qe2 Qc6 35.
Rd1 Nc7 36. Qg2 Qa8 37. Rd4 Qd8 38. Qe4 Rxd4 39. Qxd4 Qxd4 40. cxd4 Nd5 41. Kg3
Ne3 42. Kf3 Nc2 43. Ke4 Nxa3 44. d5 exd5+ 45. Kxd5 Kf8 46. Kc6 Ke7 47. Kb7 f6
48. exf6+ gxf6 49. Kxa7 fxg5 50. fxg5 Kf7 51. Kb6 Kg6 52. Ne6 Kf5 53. Nf8 Kxg5
54. Nxh7+ Kh4 55. Nf6 Nc2 56. Kxb5 Nxb4 57. Kxb4 Kxh3 1/2-1/2

[Event "Baku Open 2014"]
[Site "Baku AZE"]
[Date "2014.09.30"]
[Round "9.12"]
[White "Artemiev, Vladislav"]
[Black "Baron, Tal"]
[Result "1-0"]
[WhiteTitle "GM"]
[BlackTitle "GM"]
[WhiteElo "2650"]
[BlackElo "2513"]
[WhiteFideId "24101605"]
[BlackFideId "2809958"]
[EventDate "2014.09.22"]

1. b3 e5 2. Bb2 Nc6 3. e3 Nf6 4. c4 d5 5. cxd5 Nxd5 6. a3 g6 7. d3 Bg7 8. Nf3
O-O 9. Qc2 f5 10. Be2 e4 11. dxe4 fxe4 12. Nfd2 Qg5 13. Bc4 Ne7 14. Nc3 Qxg2 15.
O-O-O c6 16. Ncxe4 Bxb2+ 17. Qxb2 b5 18. Bxd5+ Nxd5 19. h4 Bf5 20. Rdg1 Bxe4 21.
Rxg2 Bxg2 22. Rh2 Rxf2 23. h5 Raf8 24. Qe5 Bf1 25. Qe6+ 1-0

[Event "Baku Open 2014"]
[Site "Baku AZE"]
[Date "2014.09.30"]
[Round "9.13"]
[White "Mamedov, Nidjat"]
[Black "Lorparizangeneh, Shahin"]
[Result "1-0"]
[WhiteTitle "GM"]
[BlackTitle "FM"]
[WhiteElo "2624"]
[BlackElo "2277"]
[WhiteFideId "13400819"]
[BlackFideId "12521604"]
[EventDate "2014.09.22"]

1. e4 e5 2. Nf3 Nc6 3. Bb5 a6 4. Ba4 Nf6 5. O-O Be7 6. Re1 b5 7. Bb3 d6 8. c3
O-O 9. h3 Nb8 10. d4 Nbd7 11. Nbd2 Bb7 12. Bc2 Re8 13. Nf1 Bf8 14. Ng3 g6 15. a4
c5 16. d5 c4 17. Bg5 Be7 18. Be3 Qc7 19. Qd2 Nc5 20. Rf1 Nfd7 21. Nh2 Nb6 22.
Ng4 Nd3 23. f4 Bh4 24. Nh6+ Kh8 25. Ne2 Rf8 26. axb5 axb5 27. Rxa8 Bxa8 28. Bxd3
cxd3 29. Qxd3 Qc4 30. Nc1 Qxd3 31. Nxd3 Nc4 32. Bc1 Kg7 33. fxe5 dxe5 34. Ng4
Re8 35. Bh6+ Kg8 36. Nf6+ Bxf6 37. Rxf6 Rd8 38. b3 Nd6 39. Nc5 Ne8 40. Rb6 f5
41. Bg5 Rc8 42. d6 1-0

[Event "Baku Open 2014"]
[Site "Baku AZE"]
[Date "2014.09.30"]
[Round "9.14"]
[White "Pourramezanali, Amirreza"]
[Black "Shimanov, Aleksandr"]
[Result "0-1"]
[WhiteTitle "IM"]
[BlackTitle "GM"]
[WhiteElo "2429"]
[BlackElo "2624"]
[WhiteFideId "12511412"]
[BlackFideId "4198603"]
[EventDate "2014.09.22"]

1. e4 c6 2. d4 d5 3. Nc3 dxe4 4. Nxe4 Bf5 5. Ng3 Bg6 6. h4 h6 7. Nf3 Nd7 8. h5
Bh7 9. Bd3 Bxd3 10. Qxd3 e6 11. Bd2 a5 12. O-O-O Bb4 13. Kb1 Ngf6 14. Qe2 O-O
15. Ne5 Qc7 16. Ne4 Bxd2 17. Nxd7 Nxd7 18. Qxd2 f5 19. Nc3 Rae8 20. Ne2 e5 21.
dxe5 Nxe5 22. Nd4 a4 23. Rhe1 Qf7 24. Qb4 Ng4 25. Rxe8 Rxe8 26. Qxa4 Nxf2 27.
Rf1 Ne4 28. Rxf5 Nd6 0-1

[Event "Baku Open 2014"]
[Site "Baku AZE"]
[Date "2014.09.30"]
[Round "9.15"]
[White "Yilmazyerli, Mert"]
[Black "Wen, Yang"]
[Result "0-1"]
[WhiteTitle "FM"]
[BlackTitle "GM"]
[WhiteElo "2454"]
[BlackElo "2598"]
[WhiteFideId "6305962"]
[BlackFideId "8602956"]
[EventDate "2014.09.22"]

1. e4 e5 2. Nf3 Nc6 3. Bb5 a6 4. Ba4 Nf6 5. O-O b5 6. Bb3 Bb7 7. Re1 Bc5 8. c3
d6 9. d4 Bb6 10. Be3 O-O 11. dxe5 Nxe5 12. Bxb6 cxb6 13. Nxe5 dxe5 14. Nd2 Qe7
15. Qf3 Rad8 16. Nf1 Rd6 17. Ng3 g6 18. Rad1 Rfd8 19. Qe3 Ng4 20. Qf3 Nf6 21.
Qe3 Ng4 22. Qf3 h5 23. Qe2 Nf6 24. Rxd6 Rxd6 25. Bc2 Qe6 26. Bb1 h4 27. Nf1 Kg7
28. f3 Qc8 29. Qf2 h3 30. g3 Nh7 31. Bc2 Ng5 32. Qe3 Qd8 33. Re2 Bc8 34. f4 Nh7
35. fxe5 Re6 36. Qd4 Qc7 37. Bb3 Rxe5 38. Ne3 Ng5 39. Rf2 Qc5 40. Bd5 f6 41. Qd3
Bf5 42. b4 Qe7 43. Nxf5+ gxf5 44. Rxf5 Rxf5 45. exf5 Qe1+ 46. Qf1 Qxc3 47. Qd1
Qxb4 48. Bb7 Qc5+ 49. Kh1 Qxf5 50. Bxa6 Qe4+ 51. Kg1 Qg2# 0-1

[Event "Baku Open 2014"]
[Site "Baku AZE"]
[Date "2014.09.30"]
[Round "9.16"]
[White "Asgarizadeh, Ahmad"]
[Black "Ghaem Maghami, Ehsan"]
[Result "1/2-1/2"]
[BlackTitle "GM"]
[WhiteElo "2335"]
[BlackElo "2591"]
[WhiteFideId "12505684"]
[BlackFideId "12500739"]
[EventDate "2014.09.22"]

1. e4 c5 2. Nf3 e6 3. d4 cxd4 4. Nxd4 a6 5. Bd3 Nf6 6. O-O Qc7 7. Qe2 d6 8. c4
g6 9. Nc3 Bg7 10. Nf3 Nc6 11. h3 Nd7 12. Bd2 O-O 13. Rac1 Nde5 14. Rfd1 Bd7 15.
b3 Rfc8 16. Be3 Nxf3+ 17. Qxf3 Qa5 18. Bd2 Qa3 19. Qg3 Be5 20. Bf4 Rab8 21. Bf1
Rd8 22. Rc2 Be8 23. Rcd2 Qa5 24. Ne2 1/2-1/2